Sports Quiz

Random Sports or Baseball Quiz

Most HRs by Two Teammates Quiz Stats

 Plays Quiz Updated Oct 3, 2017

Challenge
Share
Tweet
Embed
Score 0/54 Timer 05:00
1 Play Today
Team & Year Teammates % Correct
110 ('01 Giants)Barry Bonds
96.4%
107 ('27 Yankees)Babe Ruth
95.7%
92 ('31 Yankees)Babe Ruth
95.7%
90 ('30 Yankees)Babe Ruth
95.7%
95 ('01 Giants)Barry Bonds
94.6%
101 ('98 Cardinals)Mark McGwire
91%
99 ('99 Cardinals)Mark McGwire
91%
98 ('98 Mariners)Ken Griffey, Jr.
90.9%
96 ('97 Mariners)Ken Griffey, Jr.
90.9%
93 ('96 Mariners)Ken Griffey, Jr.
90.9%
90 ('99 Mariners)Ken Griffey, Jr.
90.9%
115 ('61 Yankees)Mickey Mantle
89.9%
96 ('98 Cardinals)Mark McGwire
89.2%
95 ('98 Cardinals)Mark McGwire
89.2%
115 ('61 Yankees)Roger Maris
87.8%
90 ('06 Phillies)Ryan Howard
85.9%
100 ('02 Rangers)Alex Rodriguez
84%
99 ('01 Rangers)Alex Rodriguez
84%
98 ('98 Mariners)Alex Rodriguez
84%
90 ('99 Mariners)Alex Rodriguez
84%
92 ('05 Red Sox)David Ortiz
83.1%
97 ('98 Cubs)Sammy Sosa
81.6%
97 ('98 Cubs)Henry Rodriguez
81.5%
107 ('27 Yankees)Lou Gehrig
79.6%
92 ('31 Yankees)Lou Gehrig
79.6%
90 ('30 Yankees)Lou Gehrig
79.6%
92 ('05 Red Sox)Manny Ramirez
78.5%
Team & Year Teammates % Correct
90 ('01 D'backs)Luis Gonzalez
77.4%
91 ('00 Astros)Jeff Bagwell
74.5%
90 ('06 Phillies)Chase Utley
71.2%
96 ('17 Marlins)Giancarlo Stanton
70.1%
91 ('65 Giants)Willie Mays
68.6%
90 ('97 Rockies)Larry Walker
64%
95 ('01 Giants)Jeff Kent
61.6%
96 ('97 Mariners)Jay Buhner
50.8%
93 ('96 Mariners)Jay Buhner
50.8%
91 ('65 Giants)Willie McCovey
45.7%
93 ('32 A's)Jimmie Foxx
41.8%
96 ('17 Marlins)Marcell Ozuna
37.3%
100 ('02 Rangers)Rafael Palmeiro
37.3%
99 ('01 Rangers)Rafael Palmeiro
37.3%
91 ('38 Tigers)Hank Greenberg
35.1%
90 ('97 Rockies)Andres Galarraga
32.1%
93 ('30 Cubs)Hack Wilson
29.5%
110 ('01 Giants)Rich Aurilia
19.2%
91 ('00 Astros)Richard Hidalgo
15.8%
101 ('98 Cardinals)Ray Lankford
15.5%
90 ('01 D'backs)Reggie Sanders
8.8%
96 ('98 Cardinals)Ron Gant
8.7%
99 ('99 Cardinals)Fernando Tatis
8.6%
93 ('32 A's)Al Simmons
8.1%
95 ('98 Cardinals)Brian Jordan
6.9%
93 ('30 Cubs)Gabby Hartnett
4.9%
91 ('38 Tigers)Rudy York
2.8%

You're not logged in!

Compare scores with friends on all Sporcle quizzes.
Join for Free
OR
Log In

You Might Also Like...

Show Comments

Extras

Top Quizzes Today


Score Distribution

Your Account Isn't Verified!

In order to create a playlist on Sporcle, you need to verify the email address you used during registration. Go to your Sporcle Settings to finish the process.

Report this User

Report this user for behavior that violates our Community Guidelines.

Details: